| 000 | 00681nam a2200181Ia 4500 | ||
|---|---|---|---|
| 008 | 260520s2022 xx 000 0 und d | ||
| 020 | _a978-93-93599-16-2 | ||
| 041 | _amar | ||
| 082 | _a171.1/BHA | ||
| 100 | _aभारद्वाज, वसु | ||
| 245 | _aतत्वज्ञान आणि नीतिशास्त्र : तत्वज्ञान आणि नीती - खंड २ | ||
| 250 | _a1st ed | ||
| 260 |
_aमुंबई _bमहाराष्ट्र राज्य साहित्य आणि संस्कृती मंडळ _c2022 |
||
| 300 | _a572p. | ||
| 440 | _v2 Vol | ||
| 500 | _aCat No: 15193 | ||
| 650 | _aPHYLOSOPHY | ||
| 999 |
_c1221918 _d1221918 |
||